[Event "Schachfestival 2024-Senioren"]
[White "Hansch Klaus -Michael"]
[Black "Pirrot Dieter"]
[Site "Bad Woerishofen "]
[Round "1.1"]
[Annotator "wempe"]
[Result "0-1"]
[Date "2024.03.10"]
[WhiteElo "1900"]
[BlackElo "2313"]
[PlyCount "50"]
[GameId "2118793977172047"]
[EventDate "2024.03.08"]
[WhiteTeam "SC Weisse Dame e.V."]
[BlackTeam "SV 1920 Hofheim"]

1. e4 e6 2. b3 d5 3. Bb2 Nc6 4. exd5 exd5 5. Bb5 Nge7 6. Qe2 Be6 7. Nf3 a6 8. Bxc6+ Nxc6 9. O-O d4 10. d3 Be7 11. Nbd2 Qd5 12. a3 O-O-O 13. Rfe1 Rhe8 14. Qe4 Qh5 15. Qe2 Bd6 16. Qf1 Bf4 17. Re4 g5 18. Rae1 Rg8 19. g3 Bd5 20. Rxf4 gxf4 21. Nxd4 Ne5 22. Ne4 Ng4 23. Nf3 f5 24. Ned2 Nxh2 25. Nxh2 fxg3 0-1

[Event "Schachfestival 2024-Senioren"]
[White "Baum Bernd Dr."]
[Black "Laustsen Karl-Johan"]
[Site "Bad Woerishofen "]
[Round "1.2"]
[Annotator "wempe"]
[Result "1-0"]
[Date "2024.03.10"]
[WhiteElo "2201"]
[BlackElo "1897"]
[PlyCount "120"]
[GameId "2118793978855504"]
[EventDate "2024.03.08"]
[WhiteTeam "SK Marburg 1931/72"]
[BlackTeam "1.FC Marktleuthen"]

1. Nf3 Nf6 2. c4 c5 3. g3 b6 4. Bg2 Bb7 5. O-O e6 6. Nc3 Be7 7. Re1 O-O 8. e4 d6 9. d4 cxd4 10. Nxd4 Qc8 11. Be3 Nc6 12. Rc1 Rd8 13. Nd5 Qd7 14. Nxe7+ Qxe7 15. Qe2 Nxd4 16. Bxd4 Rac8 17. b3 Ba8 18. Bb2 Ne8 19. h4 Rd7 20. Rcd1 Qd8 21. Rd2 Qc7 22. Red1 Qc6 23. f4 Rcd8 24. Qe3 Qc7 25. Rd3 Qc6 26. R1d2 Qc7 27. Qe1 Bc6 28. Qe2 Ba8 29. Qd1 Bc6 30. Bf3 Qb7 31. Qe2 Qc7 32. Qg2 Qb7 33. a4 Qc7 34. Kh2 Ba8 35. g4 Bb7 36. g5 f6 37. gxf6 e5 38. fxe5 dxe5 39. Rxd7 Rxd7 40. Rxd7 Qxd7 41. Bxe5 Qe6 42. Qg5 Nxf6 43. Bxf6 Qxf6 44. Qxf6 gxf6 45. Kg3 Kf7 46. b4 Bc6 47. a5 bxa5 48. bxa5 Ba4 49. Kf4 Ke7 50. e5 fxe5+ 51. Kxe5 Kd7 52. Be4 h6 53. Kf6 h5 54. Bf3 Kd6 55. Bxh5 Kc5 56. Bf7 Bd1 57. Ke7 Kb4 58. Kd6 Kxa5 59. c5 Bg4 60. h5 Kb4 1-0

[Event "Schachfestival 2024-Senioren"]
[White "Wulf Juergen Dr."]
[Black "Schatz Christian"]
[Site "Bad Woerishofen "]
[Round "1.3"]
[Annotator "wempe"]
[Result "0-1"]
[Date "2024.03.10"]
[WhiteElo "1885"]
[BlackElo "2182"]
[PlyCount "116"]
[GameId "2118793978855505"]
[EventDate "2024.03.08"]
[WhiteTeam "Markdorf"]
[BlackTeam "SC Postbauer-Heng e.V"]

1. d4 Nf6 2. Nf3 g6 3. e3 Bg7 4. b3 O-O 5. Bb2 d6 6. Be2 Nbd7 7. Nbd2 b6 8. c4 Bb7 9. O-O e5 10. dxe5 Ng4 11. Nd4 Ngxe5 12. f4 Nc6 13. Nxc6 Bxc6 14. Bxg7 Kxg7 15. Bf3 Bxf3 16. Qxf3 f5 17. a4 a5 18. Rad1 Nc5 19. e4 Qf6 20. exf5 gxf5 21. Rfe1 Rae8 22. Qd5 Qc3 23. Nf3 Re4 24. Rxe4 fxe4 25. Qd4+ Qxd4+ 26. Nxd4 Rxf4 27. g3 Rf7 28. Re1 Kf8 29. Kg2 Ke8 30. g4 Kd7 31. Re3 c6 32. Rh3 Ne6 33. Ne2 d5 34. Re3 Kd6 35. cxd5 cxd5 36. Ng3 Ke5 37. Nf5 h5 38. h3 hxg4 39. hxg4 Rc7 40. Re1 Rc3 41. Rb1 Nf4+ 42. Kf2 d4 43. b4 axb4 44. Nxd4 Kxd4 45. Rxb4+ Ke5 46. Rb5+ Nd5 47. g5 Rf3+ 48. Kg2 Rf5 49. a5 Rxg5+ 50. Kf2 bxa5 51. Rxa5 Kf4 52. Ra4 Nc3 53. Rc4 Nd1+ 54. Ke2 Ne3 55. Rc8 Rg2+ 56. Ke1 Nd5 57. Ra8 Kf3 58. Rf8+ Nf4 0-1

[Event "Schachfestival 2024-Senioren"]
[White "Luciani Carlo"]
[Black "Schmieder Siegfried"]
[Site "Bad Woerishofen "]
[Round "1.4"]
[Annotator "wempe"]
[Result "1-0"]
[Date "2024.03.10"]
[WhiteElo "2162"]
[BlackElo "1892"]
[PlyCount "67"]
[GameId "2118793978855506"]
[EventDate "2024.03.08"]
[BlackTeam "SGEM Schwaebisch Gmuend"]

1. e4 d6 2. d4 g6 3. Nc3 Bg7 4. Be3 Nf6 5. Qd2 Nc6 6. Nge2 Ng4 7. Bg5 h6 8. Bh4 g5 9. Bg3 e5 10. d5 Ne7 11. f3 Nf6 12. Bf2 c5 13. a4 Nh5 14. Nd1 f5 15. Nec3 Nf6 16. Ne3 fxe4 17. fxe4 b6 18. a5 bxa5 19. Bb5+ Bd7 20. Qe2 O-O 21. Bxd7 Qxd7 22. Rxa5 Ng6 23. O-O Nf4 24. Qb5 Qe7 25. Nf5 Qc7 26. Qa6 Rfb8 27. Rb5 Bf8 28. Ra1 Nd7 29. Qc6 Qxc6 30. dxc6 Nb6 31. Rba5 Rc8 32. Rxa7 Rxa7 33. Rxa7 Rxc6 34. Ra6 1-0

[Event "Schachfestival 2024-Senioren"]
[White "Zwetz Anita"]
[Black "Daeubler Heinrich"]
[Site "Bad Woerishofen "]
[Round "1.5"]
[Annotator "wempe"]
[Result "0-1"]
[Date "2024.03.10"]
[WhiteElo "1887"]
[BlackElo "2140"]
[PlyCount "103"]
[GameId "2118793978855507"]
[EventDate "2024.03.08"]
[WhiteTeam "TSV Kareth-Lappersdorf"]
[BlackTeam "SF Haselmuehl/Amberg"]

1. d4 g6 2. Nf3 Bg7 3. Bf4 d6 4. c3 Nd7 5. e4 e6 6. Bd3 Ne7 7. Qe2 a6 8. Nbd2 b6 9. e5 d5 10. O-O Bb7 11. c4 h6 12. h3 Ra7 13. a3 Qa8 14. Rac1 O-O 15. cxd5 Nxd5 16. Bg3 Rc8 17. Ne4 a5 18. Nfd2 Ne7 19. f4 Ba6 20. Bxa6 Rxa6 21. Bf2 Ra7 22. Rc4 Nd5 23. g3 Bf8 24. Rfc1 Rd8 25. Rc6 Nc5 26. R6xc5 bxc5 27. dxc5 Qc6 28. h4 Be7 29. h5 Kg7 30. hxg6 fxg6 31. Qg4 Raa8 32. Qf3 Rf8 33. Nb3 Rab8 34. Nxa5 Qa4 35. Nc4 Rb3 36. Qg4 Rf5 37. Ned2 h5 38. Qe2 Rb8 39. Ne4 h4 40. Qg4 hxg3 41. Nxg3 Rf7 42. Ne2 Rbf8 43. Qxe6 Nxf4 44. Nxf4 Rxf4 45. Qxe7+ R8f7 46. Qe6 Rxf2 47. Qd5 R2f5 48. Qd4 Rg5+ 49. Kh2 Rh5+ 50. Kg1 Kf8 51. e6 Rg5+ 52. Kh2 0-1

[Event "Schachfestival 2024-Senioren"]
[White "Okrajek Alexander"]
[Black "Speicher Franz"]
[Site "Bad Woerishofen "]
[Round "1.6"]
[Annotator "wempe"]
[Result "1-0"]
[Date "2024.03.10"]
[WhiteElo "2128"]
[BlackElo "1885"]
[PlyCount "65"]
[GameId "2118793978855508"]
[EventDate "2024.03.08"]
[WhiteTeam "SC Siegburg"]
[BlackTeam "Dicker Turm Esslingen"]

1. c4 e5 2. Nc3 Nc6 3. g3 f5 4. Bg2 Nf6 5. e3 e4 6. d3 Bb4 7. Nge2 d5 8. dxe4 dxe4 9. Qxd8+ Nxd8 10. Bd2 c6 11. Nxe4 Bxd2+ 12. Nxd2 Be6 13. Nd4 O-O 14. O-O Bd7 15. c5 Nf7 16. Nc4 Rad8 17. b4 Ng4 18. Rfd1 Nge5 19. Bf1 g5 20. f4 Ng4 21. h3 Nf6 22. Bd3 Ne4 23. Bxe4 fxe4 24. Kh2 g4 25. h4 Bc8 26. Kg2 Rd5 27. Rac1 Rfd8 28. Kf2 Nh6 29. Nd6 Nf5 30. N4xf5 Rxd1 31. Nh6+ Kg7 32. Rxd1 Kg6 33. h5+ 1-0

[Event "Schachfestival 2024-Senioren"]
[White "Bhend Edwin"]
[Black "Vonach Bernhard"]
[Site "Bad Woerishofen "]
[Round "1.8"]
[Annotator "wempe"]
[Result "1-0"]
[Date "2024.03.10"]
[WhiteElo "2113"]
[BlackElo "1881"]
[PlyCount "80"]
[GameId "2118793978855510"]
[EventDate "2024.03.08"]
[WhiteTeam "Truemmerfeld"]
[BlackTeam "SF Windach"]

1. e4 e5 2. Bc4 Nf6 3. d3 Nc6 4. Nf3 Be7 5. Nc3 d6 6. h3 Na5 7. Bb3 Nxb3 8. axb3 O-O 9. O-O c6 10. d4 exd4 11. Nxd4 d5 12. e5 Ne4 13. Qe2 Nxc3 14. bxc3 Re8 15. Qd3 g6 16. Bf4 c5 17. Ne2 Bf5 18. Qd2 Bf8 19. Bg5 Be7 20. Bxe7 Qxe7 21. f4 Red8 22. Ng3 Qd7 23. Rae1 h5 24. Rd1 Rac8 25. Rf2 Kg7 26. Nf1 d4 27. c4 b5 28. Qe2 bxc4 29. Qxc4 Qe6 30. Qa4 Qb6 31. Ng3 Bd7 32. Qa3 a5 33. Ne4 Bf5 34. Nd6 Ra8 35. Qa4 Qb4 36. Qc6 Bd7 37. Qf3 Ra6 38. f5 Rxd6 39. f6+ Rxf6 40. Qxf6+ Kh6 1-0

[Event "Schachfestival 2024-Senioren"]
[White "Bertz Uwe"]
[Black "Kierzek Matthias Dr."]
[Site "Bad Woerishofen "]
[Round "1.9"]
[Annotator "wempe"]
[Result "1/2-1/2"]
[Date "2024.03.10"]
[WhiteElo "1880"]
[BlackElo "2112"]
[PlyCount "123"]
[GameId "2118793978855511"]
[EventDate "2024.03.08"]
[WhiteTeam "SF Schwaigern"]
[BlackTeam "SC Fulda"]

1. Nf3 d5 2. d4 Nf6 3. c4 c6 4. e3 Bf5 5. Nc3 e6 6. Bd3 Bg6 7. cxd5 exd5 8. O-O Nbd7 9. Re1 Be7 10. a3 O-O 11. Bxg6 hxg6 12. Qc2 a5 13. Bd2 Bd6 14. e4 dxe4 15. Nxe4 Nxe4 16. Qxe4 Nf6 17. Qh4 Nh7 18. Qxd8 Rfxd8 19. Bc3 a4 20. Ne5 Nf6 21. Nc4 Nd5 22. Nxd6 Rxd6 23. Re4 f6 24. Rae1 Kf7 25. g3 Ra6 26. Re8 Rd7 27. Rb8 Rb6 28. Ra8 Nxc3 29. bxc3 Rb3 30. Rxa4 Rxc3 31. Ra7 Rb3 32. Rd1 Ke6 33. a4 Kd5 34. a5 Rd6 35. a6 bxa6 36. Rxa6 Rb4 37. Ra7 Rxd4 38. Rc1 c5 39. Rxg7 g5 40. Kg2 c4 41. Rc7 Rc6 42. Rxc6 Kxc6 43. Kf3 g4+ 44. Ke3 Kc5 45. Ra1 Rd3+ 46. Kf4 Rf3+ 47. Kxg4 Rxf2 48. h4 c3 49. Ra8 c2 50. Rc8+ Kd4 51. Rd8+ Kc3 52. Re8 Kd2 53. Rd8+ Ke1 54. Rc8 Kd1 55. Kh5 c1=Q 56. Rxc1+ Kxc1 57. Kg6 f5 58. h5 Kd2 59. h6 Ke3 60. h7 Rh2 61. Kxf5 Rxh7 62. g4 1/2-1/2

[Event "Schachfestival 2024-Senioren"]
[White "Rubke Manfred"]
[Black "Di Lazzaro Gabriele"]
[Site "Bad Woerishofen "]
[Round "1.10"]
[Annotator "wempe"]
[Result "1-0"]
[Date "2024.03.10"]
[WhiteElo "2109"]
[BlackElo "1880"]
[PlyCount "81"]
[GameId "2118793978855512"]
[EventDate "2024.03.08"]
[WhiteTeam "TSV Haunstetten"]

1. c4 e5 2. g3 Nf6 3. Bg2 c6 4. Nc3 d5 5. cxd5 cxd5 6. d3 h6 7. Qb3 e4 8. dxe4 dxe4 9. Nxe4 Nc6 10. Nxf6+ Qxf6 11. Nf3 Bb4+ 12. Bd2 Bxd2+ 13. Nxd2 O-O 14. e3 Rb8 15. O-O Be6 16. Qa3 Qe5 17. Rac1 Rfc8 18. Nf3 Qh5 19. Rc5 Qg6 20. Rfc1 Qf6 21. Nd2 Bd7 22. Ne4 Qg6 23. R5c3 a5 24. Qd6 Be6 25. a3 Rd8 26. Qf4 Ne7 27. Qe5 Nc6 28. Qb5 Bd5 29. Nf6+ gxf6 30. Bxd5 Ne5 31. Rc7 b6 32. f4 Qd3 33. Qxd3 Nxd3 34. Bxf7+ Kh8 35. R1c6 Nxb2 36. Rxf6 Kg7 37. Rg6+ Kh7 38. f5 Rd1+ 39. Kg2 Rd2+ 40. Kh3 Nd3 41. Bg8+ 1-0

[Event "Schachfestival 2024-Senioren"]
[White "Marshall Michael"]
[Black "Rauch Uwe"]
[Site "Bad Woerishofen "]
[Round "1.11"]
[Annotator "wempe"]
[Result "0-1"]
[Date "2024.03.10"]
[WhiteElo "1874"]
[BlackElo "2083"]
[PlyCount "69"]
[GameId "2118793978855513"]
[EventDate "2024.03.08"]
[BlackTeam "SVG Offenburg"]

1. d4 Nf6 2. Bf4 g6 3. Nf3 Bg7 4. Nc3 d5 5. e3 a6 6. Be2 c5 7. O-O cxd4 8. exd4 O-O 9. h3 b5 10. Ne5 Bb7 11. Re1 Nc6 12. Bf3 e6 13. Bg5 Qc7 14. Bf4 Qb6 15. Nxc6 Qxc6 16. a3 Rac8 17. Be5 Ne8 18. Bxg7 Kxg7 19. Qe2 Nd6 20. Rac1 Nc4 21. Nd1 Qd6 22. c3 a5 23. Ne3 Bc6 24. Nxc4 dxc4 25. Bxc6 Qxc6 26. Qd2 Rfd8 27. Qf4 Rd5 28. Re5 Qd6 29. Qe3 Rd8 30. Rxd5 exd5 31. f4 b4 32. axb4 axb4 33. Qe5+ f6 34. Qxd6 Rxd6 35. Ra1 {unleserlich} 0-1

[Event "Schachfestival 2024-Senioren"]
[White "Oberhofer Max"]
[Black "Hilbenz Guntram Dr."]
[Site "Bad Woerishofen "]
[Round "1.14"]
[Annotator "wempe"]
[Result "1-0"]
[Date "2024.03.10"]
[WhiteElo "2084"]
[BlackElo "1871"]
[PlyCount "59"]
[GameId "2118793978855516"]
[EventDate "2024.03.08"]
[BlackTeam "SC Bad Nauheim"]

{[%evp 0,59,19,31,19,-25,74,45,36,36,63,33,41,46,49,21,17,17,22,23,28,23,16,16,3,10,18,15,13,13,20,3,19,17,37,-4,77,79,185,173,179,77,182,49,30,0,43,33,52,-15,72,39,165,162,161,164,164,174,229,259,268,245]} 1. d4 d5 2. e4 c6 3. Nd2 dxe4 4. Nxe4 Bf5 5. Ng3 Bg6 6. h4 h6 7. h5 Bh7 8. Nf3 e6 9. Bd3 Bxd3 10. Qxd3 Nf6 11. Bd2 Nbd7 12. Qe2 Qc7 13. O-O-O Bd6 14. Nf5 Bf4 15. Kb1 O-O-O 16. Ne3 Rhe8 17. Rh4 Bd6 18. Nc4 b5 19. Nxd6+ Qxd6 20. c4 bxc4 21. Qxc4 Kb7 22. Be3 Nb6 23. Qc2 Re7 24. d5 cxd5 25. Bc5 Rc7 26. Bxd6 Rxc2 27. Kxc2 Rxd6 28. Ne5 Nfd7 29. Nxf7 Rc6+ 30. Kb1 1-0

[Event "Schachfestival 2024-Senioren"]
[White "Hager Eberhard"]
[Black "Jahn Peter"]
[Site "Bad Woerishofen "]
[Round "1.15"]
[Result "0-1"]
[Date "2024.03.10"]
[WhiteElo "1863"]
[BlackElo "2064"]
[PlyCount "64"]
[GameId "2118793978855517"]
[EventDate "2024.03.08"]
[WhiteTeam "SK Friedberg im Gehoerl. Sportverein"]
[BlackTeam "Husumer SV"]

1. e4 c6 2. d4 d5 3. exd5 cxd5 4. Bd3 Nc6 5. c3 Nf6 6. h3 Qc7 7. Nf3 e5 8. dxe5 Nxe5 9. Qe2 Nfd7 10. Bf4 f6 11. Bb5 Bd6 12. Nxe5 fxe5 13. Bg3 O-O 14. O-O Nc5 15. Nd2 Bf5 16. Qd1 Qb6 17. Be2 Be6 18. b3 Rad8 19. Bg4 Bxg4 20. Qxg4 e4 21. Bxd6 Rxd6 22. c4 Rg6 23. Qe2 d4 24. Rab1 Qe6 25. Kh1 Rf4 26. f3 e3 27. Ne4 Nxe4 28. fxe4 Qxe4 29. Rxf4 Qxf4 30. Rf1 Qe4 31. Re1 Rf6 32. c5 Rf2 0-1

[Event "Schachfestival 2024-Senioren"]
[White "Neumann Joachim"]
[Black "Wagner Werner"]
[Site "Bad Woerishofen "]
[Round "1.16"]
[Annotator "wempe"]
[Result "1-0"]
[Date "2024.03.10"]
[WhiteElo "2062"]
[BlackElo "1862"]
[PlyCount "57"]
[GameId "2118793978855518"]
[EventDate "2024.03.08"]
[BlackTeam "SC GEMA St.Ingbert"]

1. Nf3 Nf6 2. c4 g6 3. g3 Bg7 4. Bg2 d6 5. d4 O-O 6. Nc3 Nbd7 7. O-O e5 8. e4 exd4 9. Nxd4 Ne5 10. b3 Nfd7 11. f4 Nc6 12. Be3 Ne7 13. Qd2 Nf6 14. h3 Re8 15. Rad1 Nd7 16. Nf3 Nc6 17. Nd4 Nc5 18. Qf2 Ne7 19. e5 Nf5 20. Nxf5 Bxf5 21. Bxc5 Qc8 22. Bd4 c5 23. Be3 dxe5 24. Nb5 exf4 25. Bxf4 Bxh3 26. Nd6 Qg4 27. Nxe8 Rxe8 28. Rfe1 Re7 29. Rd8+ 1-0

[Event "Schachfestival 2024-Senioren"]
[White "Eschle Hubert"]
[Black "Matzat Andre"]
[Site "Bad Woerishofen "]
[Round "1.17"]
[Annotator "wempe"]
[Result "0-1"]
[Date "2024.03.10"]
[WhiteElo "1860"]
[BlackElo "2060"]
[PlyCount "44"]
[GameId "2118793978855519"]
[EventDate "2024.03.08"]
[WhiteTeam "SC Villingen-Schwenningen"]
[BlackTeam "Oberhausener SV 1887 e. V."]

1. e4 c5 2. Nf3 e6 3. d4 cxd4 4. Nxd4 Bc5 5. Nb3 Bb6 6. Bd3 Ne7 7. Bg5 O-O 8. Nc3 f6 9. Bh4 Nbc6 10. Nd2 d5 11. exd5 exd5 12. Nf3 Nf5 13. O-O Nb4 14. Be2 Be6 15. a3 Nc6 16. Bd3 Nxh4 17. Nxh4 Ne5 18. Bf5 Bf7 19. Nf3 g6 20. Bh3 Qd6 21. Nd4 Rad8 22. g3 Bxd4 0-1

[Event "Schachfestival 2024-Senioren"]
[White "Flockerzi Armin"]
[Black "Walther Reinhard"]
[Site "Bad Woerishofen "]
[Round "1.18"]
[Annotator "wempe"]
[Result "0-1"]
[Date "2024.03.10"]
[WhiteElo "1817"]
[BlackElo "1999"]
[PlyCount "108"]
[GameId "2118793978855520"]
[EventDate "2024.03.08"]
[WhiteTeam "VfR-SC Koblenz"]
[BlackTeam "SK 1911 Herzogenaurach e.V."]

1. d4 g6 2. Nf3 Bg7 3. c3 d5 4. g3 Nc6 5. Bg2 Bg4 6. Nbd2 Qd7 7. h3 Bf5 8. b3 e5 9. dxe5 Nxe5 10. Nxe5 Bxe5 11. Bb2 Ne7 12. Qc1 Nc6 13. Nf3 Bf6 14. Qd2 O-O-O 15. e3 Be4 16. h4 Kb8 17. O-O-O Qf5 18. Ne1 Bxg2 19. Nxg2 Be5 20. Ne1 Rhe8 21. Qc2 Qe6 22. Nd3 Bd6 23. Kb1 h5 24. Rhe1 Qe4 25. Nc1 Kc8 26. Qxe4 dxe4 27. Ne2 Ne5 28. Kc2 Nf3 29. Rf1 Be5 30. Bc1 c5 31. Ng1 Rxd1 32. Rxd1 Nxg1 33. Rxg1 Rd8 34. Bb2 Kc7 35. Rd1 Rxd1 36. Kxd1 Kc6 37. Kc2 b5 38. a3 a5 39. Bc1 Kd5 40. Bd2 a4 41. c4+ Kc6 42. cxb5+ Kxb5 43. Bc3 Bd6 44. Bf6 axb3+ 45. Kxb3 c4+ 46. Ka2 Ka4 47. Bb2 Bc5 48. Bc1 c3 49. Kb1 Kb3 50. a4 Bb4 51. Ka1 Kxa4 52. Ka2 Bd6 53. Kb1 Kb3 54. Ka1 Kc2 0-1

[Event "Schachfestival 2024-Senioren"]
[White "Bruchmann Norbert"]
[Black "Bjorgvik Jan Arne"]
[Site "Bad Woerishofen "]
[Round "1.19"]
[Annotator "wempe"]
[Result "1-0"]
[Date "2024.03.10"]
[WhiteElo "2057"]
[BlackElo "1858"]
[PlyCount "105"]
[GameId "2118793978921057"]
[EventDate "2024.03.08"]
[WhiteTeam "SG EN-Sued"]
[BlackTeam "NSF"]

1. e4 c6 2. Nc3 d5 3. Nf3 dxe4 4. Nxe4 Nf6 5. Qe2 Nxe4 6. Qxe4 Qd5 7. Qh4 Qf5 8. Bd3 Qg4 9. Qg3 Qxg3 10. hxg3 h6 11. b3 Nd7 12. Bb2 Nf6 13. O-O-O Bg4 14. Rde1 Bxf3 15. gxf3 e6 16. Bf1 Bc5 17. d4 Bb6 18. Bh3 O-O-O 19. Rd1 Kb8 20. b4 Rd7 21. Rd3 Nd5 22. a3 a5 23. c4 Nf6 24. Kc2 h5 25. Bg2 Rhd8 26. Rhd1 Rh8 27. Kd2 Rhd8 28. Ke2 Rh8 29. Bc3 a4 30. Rb1 Rhd8 31. Rbd1 Ba7 32. f4 Rh8 33. Bf3 Kc7 34. Bb2 b5 35. cxb5 cxb5 36. Rc1+ Kd8 37. Bc6 Rc7 38. Bxb5 Rxc1 39. Bxc1 h4 40. gxh4 Rxh4 41. Rg3 Nd5 42. Bxa4 Nxf4+ 43. Kf3 g5 44. Rxg5 Nd3 45. Be3 Nb2 46. Ra5 Bb6 47. Bg5+ Kc7 48. Bxh4 Bxa5 49. Bb5 Bb6 50. Bg3+ Kd8 51. Be5 Ke7 52. d5 Nd1 53. d6+ 1-0

[Event "Schachfestival 2024-Senioren"]
[White "Schroeder Klaus"]
[Black "Heck Norbert"]
[Site "Bad Woerishofen "]
[Round "1.20"]
[Annotator "wempe"]
[Result "0-1"]
[Date "2024.03.10"]
[WhiteElo "1857"]
[BlackElo "2047"]
[PlyCount "80"]
[GameId "2118793978921058"]
[EventDate "2024.03.08"]
[WhiteTeam "SC Karlsdorf"]
[BlackTeam "SF Neuberg"]

1. Nf3 Nf6 2. g3 d5 3. Bg2 c6 4. O-O Bg4 5. h3 Bh5 6. d3 Nbd7 7. c4 e6 8. Qc2 Be7 9. a3 a5 10. b3 O-O 11. Bb2 Qc7 12. Nbd2 Rfe8 13. e4 dxe4 14. dxe4 e5 15. Bc3 Bf8 16. b4 axb4 17. axb4 Bg6 18. Nh4 b6 19. Nxg6 hxg6 20. Qb2 Nh5 21. Nf3 c5 22. b5 Bd6 23. Rfe1 Rxa1 24. Rxa1 Nf8 25. Ra2 Nf6 26. Nd2 Ne6 27. Qa1 Nd4 28. Bxd4 cxd4 29. Ra7 Qc5 30. Qb2 Qb4 31. Qxb4 Bxb4 32. Nb3 Rd8 33. Ra1 Rc8 34. Rc1 Bc3 35. f4 Rxc4 36. fxe5 Nd7 37. Kf1 Nxe5 38. Rd1 Rb4 39. Nc1 Rb1 40. Ke2 d3+ 0-1

[Event "Schachfestival 2024-Senioren"]
[White "Bohnstorff Michael"]
[Black "Ganslmayer Anton Dr."]
[Site "Bad Woerishofen "]
[Round "1.21"]
[Annotator "wempe"]
[Result "1-0"]
[Date "2024.03.10"]
[WhiteElo "2043"]
[BlackElo "1852"]
[PlyCount "111"]
[GameId "2118793978921059"]
[EventDate "2024.03.08"]
[WhiteTeam "Ohne"]
[BlackTeam "SV Jedesheim"]

1. d4 Nf6 2. Nf3 e6 3. c3 b6 4. Bf4 Ba6 5. Nbd2 Be7 6. h3 O-O 7. Qc2 c5 8. e3 Bxf1 9. Nxf1 d5 10. N1d2 Nbd7 11. O-O Qc8 12. Rfc1 Qb7 13. Ne5 Nxe5 14. Bxe5 Nd7 15. Bg3 Rac8 16. Qd3 Nf6 17. Re1 Ne4 18. Nxe4 dxe4 19. Qe2 Rfd8 20. Rad1 c4 21. f3 exf3 22. Qxf3 Qxf3 23. gxf3 b5 24. e4 Bf8 25. Re2 Rd7 26. Red2 Bd6 27. Bxd6 Rxd6 28. Kf2 Kf8 29. Ke3 f6 30. f4 Ke7 31. Rf1 g6 32. Rg1 f5 33. e5 Rd7 34. h4 Kf7 35. Rdg2 Rg8 36. h5 Rdd8 37. hxg6+ hxg6 38. Rh1 Rh8 39. Rgh2 Rxh2 40. Rxh2 Kg7 41. Rh1 Rd7 42. a4 bxa4 43. Ra1 Kf7 44. Rxa4 Rc7 45. Rb4 Ke7 46. Rb5 Kd7 47. d5 exd5 48. Rxd5+ Ke7 49. Rd6 Kf7 50. Kd4 Rb7 51. Kxc4 Rxb2 52. Rd7+ Ke8 53. Rxa7 Rf2 54. Kd5 Kf8 55. Ke6 Rb2 56. Kf6 1-0

[Event "Schachfestival 2024-Senioren"]
[White "Kundt Guenther Dr."]
[Black "Neese Hans-Joachim"]
[Site "Bad Woerishofen "]
[Round "1.22"]
[Annotator "wempe"]
[Result "1-0"]
[Date "2024.03.10"]
[WhiteElo "1851"]
[BlackElo "2042"]
[PlyCount "59"]
[GameId "2118793978921060"]
[EventDate "2024.03.08"]
[WhiteTeam "SSC Graal-Mueritz"]
[BlackTeam "SV Hennef"]

1. d4 d5 2. c4 e6 3. Nc3 Nf6 4. cxd5 exd5 5. Bg5 c6 6. Qc2 Nbd7 7. e3 h6 8. Bh4 Be7 9. Bd3 O-O 10. Nge2 Re8 11. O-O b6 12. Kh1 Bb7 13. Rae1 Nf8 14. f3 Rc8 15. e4 g5 16. Bf2 Nh5 17. e5 Ne6 18. Bf5 Nhg7 19. Bh7+ Kh8 20. Be3 c5 21. f4 cxd4 22. Nxd4 Nxd4 23. Bxd4 Ne6 24. Be3 Rf8 25. Bf5 d4 26. Rd1 gxf4 27. Bxf4 Rg8 28. Bg3 Bc5 29. Ne4 Ba6 30. Qd2 1-0

[Event "Schachfestival 2024-Senioren"]
[White "Heller Achim"]
[Black "Klimpel Siegfried"]
[Site "Bad Woerishofen "]
[Round "1.23"]
[Annotator "wempe"]
[Result "1-0"]
[Date "2024.03.10"]
[WhiteElo "2040"]
[BlackElo "1848"]
[PlyCount "63"]
[GameId "2118793978921061"]
[EventDate "2024.03.08"]
[WhiteTeam "Ennepe-Ruhr-Sued"]
[BlackTeam "TSV Kareth-Lappersdorf"]

1. d4 d5 2. Nf3 Nf6 3. c4 e6 4. e3 c6 5. b3 Nbd7 6. Bd3 Qc7 7. Bb2 Be7 8. O-O Ne4 9. Nc3 f5 10. Rc1 Nxc3 11. Bxc3 O-O 12. Qc2 Nf6 13. Bb2 Bd7 14. cxd5 Nxd5 15. a3 Rac8 16. Ne5 Qd8 17. Qd2 Nf6 18. b4 Qe8 19. Bc4 Kh8 20. Rfe1 Ne4 21. Qe2 Bh4 22. Rf1 Qe7 23. Qh5 Be8 24. Qe2 f4 25. exf4 Rxf4 26. Nd3 Bxf2+ 27. Rxf2 Rh4 28. Rf4 Bg6 29. Rcf1 Bf5 30. Rxh4 Qxh4 31. Rf4 Qg5 32. Rxe4 1-0

[Event "Schachfestival 2024-Senioren"]
[White "Loibl Johann"]
[Black "Higatsberger Michael"]
[Site "Bad Woerishofen "]
[Round "1.24"]
[Annotator "wempe"]
[Result "0-1"]
[Date "2024.03.10"]
[WhiteElo "1843"]
[BlackElo "2037"]
[PlyCount "52"]
[GameId "2118793978921062"]
[EventDate "2024.03.08"]
[WhiteTeam "Klosterneuburg"]

1. e4 c5 2. b4 cxb4 3. a3 Nc6 4. axb4 Nxb4 5. c3 Nc6 6. d4 d5 7. exd5 Qxd5 8. Na3 Bd7 9. Nb5 Rc8 10. Nxa7 Nxa7 11. Rxa7 e5 12. Nf3 exd4 13. Be3 Bc5 14. Ra5 b6 15. Ra7 b5 16. Rxd7 Qxd7 17. Ne5 Qb7 18. Qb3 dxe3 19. Bxb5+ Kf8 20. Nd7+ Ke7 21. O-O exf2+ 22. Kh1 Nf6 23. Ne5 Qd5 24. Nc4 Rhd8 25. Qc2 Qd3 26. Qc1 Kf8 0-1

[Event "Schachfestival 2024-Senioren"]
[White "Steinhart Matthias"]
[Black "Gerl Hans Dr."]
[Site "Bad Woerishofen "]
[Round "1.25"]
[Annotator "wempe"]
[Result "0-1"]
[Date "2024.03.10"]
[WhiteElo "1768"]
[BlackElo "1965"]
[PlyCount "27"]
[GameId "2118793978921063"]
[EventDate "2024.03.08"]
[WhiteTeam "DBSB"]
[BlackTeam "SGem 1882 Fuerth"]

1. e4 c5 2. Nf3 d6 3. d4 cxd4 4. Nxd4 Nf6 5. Nc3 a6 6. Bg5 e6 7. f4 Be7 8. Qf3 O-O 9. O-O-O Qc7 10. Bd3 Nbd7 11. Rhe1 Nc5 12. e5 dxe5 13. fxe5 Nxd3+ 14. Rxd3 0-1

[Event "Schachfestival 2024-Senioren"]
[White "7"]
[Black "Kirby Peter"]
[Site "Bad Woerishofen "]
[Round "1.26"]
[Annotator "wempe"]
[Result "1-0"]
[Date "2024.03.10"]
[WhiteElo "1839"]
[BlackElo "1980"]
[PlyCount "91"]
[GameId "2118793978921064"]
[EventDate "2024.03.08"]
[WhiteTeam "SC Groebenzell"]
[BlackTeam "Horfield & Redland"]

1. d4 Nf6 2. Nf3 g6 3. c4 Bg7 4. Nc3 O-O 5. e4 d6 6. Be2 e5 7. O-O Nbd7 8. dxe5 dxe5 9. h3 Re8 10. Be3 c6 11. Qd2 Qc7 12. Rfd1 Bf8 13. Qc2 Nc5 14. Kh2 Ne6 15. g3 b6 16. Ng5 Nd4 17. Rxd4 exd4 18. Bxd4 Bg7 19. Be3 h6 20. Nf3 Qd7 21. Bf1 Qe7 22. Nd2 Nd7 23. Bg2 Bb7 24. f4 Nc5 25. e5 Rad8 26. b4 Na6 27. a3 Rd7 28. Nde4 Red8 29. Re1 Qe6 30. c5 bxc5 31. bxc5 Nb8 32. Nd6 Ba8 33. Nce4 Na6 34. Bf1 Nc7 35. g4 Nd5 36. Bd2 Rb8 37. Ng3 Rxd6 38. exd6 Qf6 39. Rb1 Rd8 40. Ba5 Qxf4 41. Bxd8 Ne3 42. Qe4 Qf2+ 43. Bg2 Be5 44. Qf3 Qd2 45. Kh1 Kg7 46. Nf1 1-0